00533nam a2200157Ia 450000500170000000800410001704100080005808200160006610000270008224500370010926000390014630000090018565000310019499900190022595201310024420250729165748.0250729s2000 xx 000 0 und d aeng a001.51 RAMF aRamez Elmasari9232361 aFundamentals of data Base System aNew DelhibPearson Educationc2000 a955p aComputer Education9232362 c239744d239744 00104070aALbALd2025-07-29eManagement Bookg350.00l0o001.51 RAMFpBED05063r2025-07-29 16:57:48v350.00w2025-07-29yBK